00445nam a2200157Ia 4500008004100000020001500041041000800056082001900064100002000083245007000103260003700173300000800210365001300218650002800231650002800259140306s9999 xx 000 0 und d a0671632752 aeng a395.59bMOR/AR aMarris, James A aArt of conversation : magic key to personal and social popularity aNew YorkbA fire side Bookc1986 a192 bUSD.5.95 aEfficient communication aPersonality development